| 000 | 00747 a2200217 4500 | ||
|---|---|---|---|
| 010 | _aENG-89916 | ||
| 020 |
_a8185578737 _c1295.00 |
||
| 035 | _aEN-73449 | ||
| 037 | _bDBAD / PUB | ||
| 082 | 1 | 4 | _a617.8 |
| 090 |
_c11972 _d11972 |
||
| 100 | 1 | _aBiswas, Anirban | |
| 245 | 1 |
_aAn introduction to neurotology/ _cby Anirban Biswas |
|
| 250 | _a2nd ed | ||
| 260 |
_aDelhi _bBhalani Publishing House _c2006 |
||
| 270 |
_a11 Mavawala Building, Opp. KEM Hospital , Parel, _bMumbai _cMumbai _e400012 _mbhalani@vsnl.com |
||
| 300 |
_axvi, 324p.: _c28cm (Hb) _bcol. & b & w photos |
||
| 500 | _aIncludes index | ||
| 942 |
_adpl _cEN _k 617.8 / BIS |
||
| 999 |
_c11618 _d11618 |
||